Tenis: técnica, táctica y entrenamiento
Salvato in:
| Autore principale: | |
|---|---|
| Natura: | Libro |
| Lingua: | spagnolo |
| Pubblicazione: |
Barcelona
Paidotribo
1991
|
| Serie: | Colección iniciación deportiva
|
| Soggetti: | |
| Tags: |
Aggiungi Tag
Nessun Tag, puoi essere il primo ad aggiungerne!!
|
MARC
| LEADER | 00000nam a2200000 a 4500 | ||
|---|---|---|---|
| 001 | UCW7864 | ||
| 003 | CL-VaPUC | ||
| 008 | 930923e19910000SP |||||||||||||||||spa|d | ||
| 082 | 0 | 4 | |a 796.342 |b DEN |2 21 |
| 100 | 0 | |a Deniau, Georges |e author |9 313083 | |
| 245 | 1 | 0 | |a Tenis: técnica, táctica y entrenamiento |
| 300 | |a 234 p | ||
| 942 | |c BK | ||
| 945 | |d 19930923 00:00:00 | ||
| 260 | |a Barcelona |b Paidotribo |c 1991 | ||
| 650 | 0 | |a Tenis |9 308192 | |
| 583 | |a last modification |c 19930923 00:00:00 |k Rodrigo Vera | ||
| 490 | 0 | |a Colección iniciación deportiva | |
| 999 | |c 220505 |d 220503 | ||
| 952 | |0 0 |1 0 |4 0 |6 796_342000000000000_DEN_1991 |7 0 |8 A |9 212822 |a BIBEDU |b BIBEDU |d 2019-11-15 |i 2809915 |o 796.342 DEN 1991 |p 2809915 |r 2019-11-15 |w 2019-11-15 |y BK |k EDU | ||